000 00253nam a2200109Ia 4500
008 240625s9999 xx 000 0 und d
041 _aeng
082 _a005.54 HAR
100 _aHARVEY GREG
245 _aMICROSOFT EXCEL 2013 FOR DUMMIES
260 _c2013
999 _c35089
_d35089